Οι πανοπλίες αλλάζουν χέρια : ο υπερασπιστής της Κατερίνας Κορνάρο : ιστορικό μυθιστόρημα
Αποθηκεύτηκε σε:
| Κύριος συγγραφέας: | |
|---|---|
| Μορφή: | Βιβλίο |
| Γλώσσα: | Greek |
| Δημοσίευση: |
[Αθήνα] :
Αλεξάνδρεια,
2007
|
| Θέματα: | |
| Ετικέτες: |
Προσθήκη ετικέτας
Δεν υπάρχουν, Καταχωρήστε ετικέτα πρώτοι!
|
MARC
| LEADER | 00000cam a2200000 i 4500 | ||
|---|---|---|---|
| 001 | 1/22377 | ||
| 008 | 120807s2007 gre d | ||
| 020 | |a 978-960-221-391-9 | ||
| 035 | |l 10113046 | ||
| 040 | |a GR-MY-UA |b gre |e aacr | ||
| 041 | 0 | |a gre | |
| 082 | 0 | |a 889.1 |2 (22) | |
| 100 | 1 | |a Κυριάκου, Ανδρέας. | |
| 245 | 1 | 3 | |a Οι πανοπλίες αλλάζουν χέρια : |b ο υπερασπιστής της Κατερίνας Κορνάρο : ιστορικό μυθιστόρημα / |c Ανδρέας Κυριάκου |
| 260 | |a [Αθήνα] : |b Αλεξάνδρεια, |c 2007 | ||
| 300 | |a 303 σ.; |c 21 εκ. | ||
| 600 | 0 | 0 | |a Caterina Cornaro, |c Queen of Cyprus, |d 1454-1510. |
| 650 | 0 | 0 | |a Cyprian literature. |
| 650 | 0 | 0 | |a Greek literature, Modern |z Cyprus. |
| 852 | |a INST |b RHODES |e 20120807 |h 889.1 ΚΥΡ |p 005400034473 |q 005400034473 |t BK |y 0 | ||
| 901 | |a BIBL4-2012-2 | ||
| 909 | |a Ρ |b 171107 | ||
| 922 | |a 4ΕΛΗ | ||
| 970 | |z 2012/08/07 | ||